Sommarnattens leende Χαμόγελα καλοκαιρινής νύχτας
Στη Σουηδία του 1901, η ηθοποιός Ντεζιρέ δέχεται την επίσκεψη του δικηγόρου Φρέντρικ Έγκερμαν, παλιού εραστή της, ο οποίος παντρεύτηκε πρόσφατα τη νεαρή Άνε, σχεδόν συνομήλικη με το γιο του Χένρικ. Η ξαφνική άφιξη του κόμη Μάλκομ, του νυν εραστή της Ντεζιρέ, μετατρέπει την ερωτική τους επανασύνδεση...
Αποθηκεύτηκε σε:
| Άλλοι συγγραφείς: | , , , , , |
|---|---|
| Μορφή: | |
| Γλώσσα: | Swedish Greek |
| Δημοσίευση: |
Αθήνα :
Prooptiki,
[1995]
|
| Σειρά: | Bergman collection
|
| Θέματα: | |
| Ετικέτες: |
Προσθήκη ετικέτας
Δεν υπάρχουν, Καταχωρήστε ετικέτα πρώτοι!
|
MARC
| LEADER | 00000cgm a2200000 i 4500 | ||
|---|---|---|---|
| 001 | 1/79883 | ||
| 008 | 080402s1995 xx ||| | || ||swe|| | ||
| 035 | |l 10096076 | ||
| 040 | |a GR-MyUa |b gre |e AACR2 | ||
| 041 | 0 | |a swe |j gre | |
| 082 | 7 | |a 791.437 |2 (22) | |
| 245 | 0 | 0 | |a Sommarnattens leende |h [μαγνητοσκόπηση] = |b Χαμόγελα καλοκαιρινής νύχτας / |c directed by Ingmar Bergman. |
| 246 | 1 | |i Παράλληλος τίτλος: |a Χαμόγελα καλοκαιρινής νύχτας | |
| 260 | |a Αθήνα : |b Prooptiki, |c [1995] | ||
| 300 | |a 1 βιντεοδίσκος (104 λεπτ.) : |b ομίλ., ασπρόμ. ; |c 4 3/4 ίν. | ||
| 490 | 1 | |a (The Bergman collection) | |
| 508 | |a Σενάριο-σκηνοθεσία, Ingmar Bergman. | ||
| 511 | 0 | |a Eva Dahlbeck, Gunnar Bjornstrand, Ulla Jacobsson, Harriet Andersson, Jark Julle. | |
| 520 | 8 | |a Στη Σουηδία του 1901, η ηθοποιός Ντεζιρέ δέχεται την επίσκεψη του δικηγόρου Φρέντρικ Έγκερμαν, παλιού εραστή της, ο οποίος παντρεύτηκε πρόσφατα τη νεαρή Άνε, σχεδόν συνομήλικη με το γιο του Χένρικ. Η ξαφνική άφιξη του κόμη Μάλκομ, του νυν εραστή της Ντεζιρέ, μετατρέπει την ερωτική τους επανασύνδεση σε γελοίο κωμειδύλλιο. Θέλοντας να ξανακερδίσει τον Φρέντρικ, η ηθοποιός διοργανώνει ένα διήμερο στην εξοχή, όπου προσκαλούνται ο Μάλκομ με τη σύζυγό του, ο Φρέντρικ, η Άνε, ο Χένρικ και η υπηρέτρια Πέτρα. Ένα αφροδισιακό δείπνο χρησιμεύει ως εισαγωγή σε μια τρελή νύχτα όπου τα ζευγάρια χωρίζουν και επανασυνδέονται σύμφωνα με τις ιδιοτροπίες του έρωτα και της τύχης. | |
| 521 | 8 | |a Κατάλληλο για άτομα άνω των 13 ετών. | |
| 546 | |a Στα σουηδικά με υπότιτλους στα ελληνικά. | ||
| 586 | 8 | |a Βραβείο ποιητικού χιούμορ, Φεστιβάλ Καννών, 1956 | |
| 650 | 0 | |a Man-woman relationships |v Drama. | |
| 655 | 7 | |a Feature films |2 lcgft | |
| 700 | 1 | |a Bergman, Ingmar, |d 1918-2007, |e aus |e drt | |
| 700 | 1 | |a Dahlbeck, Eva, |d 1920-2008, |e act | |
| 700 | 1 | |a Björnstrand, Gunnar, |d 1909-1986, |e act | |
| 700 | 1 | |a Jacobsson, Ulla, |d 1929-1982, |e act | |
| 700 | 1 | |a Andersson, Harriet, |e act | |
| 700 | 1 | |a Kulle, Jarl, |d 1927-1997, |e act | |
| 830 | 0 | |a Bergman collection | |
| 852 | |a INST |b SYROS |c AV |e 20080402 |h 791.437 BER |p 005500006228 |q 005500006228 |t DVD |y 23 | ||
| 901 | |a BIBL5-2008-1 | ||
| 922 | |a 5ΕΛΗ |b 200709 |c Βιβλιοθήκη Σύρου |d Anaco | ||
| 970 | |a Κοντού |b Παρασκευή |z 02/4/2008 | ||